| 000 | 00980nac a22002891i 4500 | ||
|---|---|---|---|
| 003 | EG-ScBUE | ||
| 005 | 20250601083624.0 | ||
| 008 | 250406t1990 si a f b 001 0 eng d | ||
| 020 | _a9810200994 | ||
| 040 |
_aEG-ScBUE _beng _erda _cEG-ScBUE _dEG-ScBUE |
||
| 082 | 0 | 4 |
_a530.1 _bWES _222 |
| 100 | 1 |
_aWest, P. C., _eauthor. |
|
| 245 | 1 | 0 |
_aIntroduction to supersymmetry and supergravity / _cP. West, King's College, University of London, Strand, London. |
| 250 | _aExtended second edition. | ||
| 264 | 1 |
_aSingapore : _bWorld Scientific Publishing Co., Ltd., _c[1990] |
|
| 264 | 4 | _cc1990 | |
| 300 |
_axi, 425 pages : _billustrations ; _c24 cm |
||
| 336 |
_2rdacontent _atext _btxt |
||
| 337 |
_aunmediated _2rdamedia _bn |
||
| 338 |
_avolume _bnc _2rdacarrier |
||
| 500 | _aIncludes Appendices. | ||
| 504 | _aIncludes bibliographical references and index. | ||
| 650 | 7 |
_aSupersymmetry. _2BUEsh |
|
| 650 | 7 |
_aSupergravity. _2BUEsh |
|
| 655 | _vReading book | ||
| 942 |
_cBB _2ddc |
||
| 999 |
_c3323 _d3323 |
||